Imperfect Perception and Stochastic Choice in Experiments (Record no. 43437)
[ view plain ]
| 000 -LEADER | |
|---|---|
| fixed length control field | 00552nam a22001697a 4500 |
| 005 - DATE AND TIME OF LATEST TRANSACTION | |
| control field | 20250327121738.0 |
| 008 - FIXED-LENGTH DATA ELEMENTS--GENERAL INFORMATION | |
| fixed length control field | 250327b |||||||| |||| 00| 0 eng d |
| 020 ## - INTERNATIONAL STANDARD BOOK NUMBER | |
| International Standard Book Number | 9781009048699 |
| 041 ## - LANGUAGE CODE | |
| Language code of text/sound track or separate title | eng |
| 082 ## - DEWEY DECIMAL CLASSIFICATION NUMBER | |
| Classification number | 330.019 GAR |
| 100 ## - MAIN ENTRY--PERSONAL NAME | |
| Author | Garza, Pablo Branas |
| 245 ## - TITLE STATEMENT | |
| Title | Imperfect Perception and Stochastic Choice in Experiments |
| Remainder of title | Elements in Behavioural and Experimental Economics |
| 260 ## - PUBLICATION, DISTRIBUTION, ETC. | |
| Place | USA |
| Publisher | Cambridge Univeinrity Pres |
| Publication Year | 2023 |
| 300 ## - PHYSICAL DESCRIPTION | |
| Extent | 60;. pages: 23 cm |
| 650 ## - SUBJECT ADDED ENTRY--TOPICAL TERM | |
| Subject | Economics-Psychological Aspects; Consumer Behavior |
| 942 ## - ADDED ENTRY ELEMENTS (KOHA) | |
| Koha item type | Books |
| Withdrawn status | Lost status | Source of classification or shelving scheme | Damaged status | Not for loan | Home library | Current library | Shelving location | Accession Date | Vendor | Price | Bill number | Total Checkouts | Full call number | Barcode No | Date last seen | Discount | Bill Date | Koha item type | Suggested By |
|---|---|---|---|---|---|---|---|---|---|---|---|---|---|---|---|---|---|---|---|
| Dewey Decimal Classification | IMTN | IMTN | Rack 7-A | 03/24/2025 | Raghav Books Private Limited | 1892.10 | 2374 | 330.019 GAR | 33728 | 03/27/2025 | 33 | 02/14/2025 | Books | Dr. Veena Pailwar |